Tratamiento primario de los residuos sólidos (Registro nro. 2499)

Detalles MARC
000 -LEADER
campo de control de longitud fija 01911nam a22003497a 4500
001 - NÚMERO DE CONTROL
campo de control 42835
003 - IDENTIFICADOR DE NÚMERO DE CONTROL
campo de control gtgccic
005 - FECHA Y HORA DE LA ÚLTIMA TRANSACCIÓN
campo de control 20251105155132.0
007 - CAMPO FIJO DE DESCRIPCIÓN FÍSICA--INFORMACIÓN GENERAL
campo de control de longitud fija ta
008 - DATOS DE LONGITUD FIJA--INFORMACIÓN GENERAL
campo de control de longitud fija 251105b gt ||||| |||| 00| 0 spa d
040 ## - FUENTE DE CATALOGACIÓN
Centro catalogador/agencia de origen gtgccic
Lengua de catalogación spa
Centro/agencia transcriptor gtgccic
Normas de descripción rda
084 ## - OTRO NÚMERO DE CLASIFICACIÓN
Número de control del registro de autoridad o número normalizado TPI-16-0100
100 10 - ENTRADA PRINCIPAL--NOMBRE DE PERSONA
Nombre de persona Tannia Magaly De León Morán
Fechas asociadas al nombre Ingeniera Química
Término indicativo de función/relación autor
245 10 - MENCIÓN DEL TÍTULO
Título Tratamiento primario de los residuos sólidos
Resto del título provenientes de las fotoceldas utilizadas en los sistemas de alumbrado públio /
Mención de responsabilidad, etc. De León Morán, Tannia Magaly
264 #1 - PRODUCCIÓN, PUBLICACIÓN, DISTRIBUCIÓN, FABRICACIÓN Y COPYRIGHT
Producción, publicación, distribución, fabricación y copyright Guatemala, Guatemala ;
Nombre del de productor, editor, distribuidor, fabricante USAC, Facultad de Ingeniería ;
Fecha de producción, publicación, distribución, fabricación o copyright 2016.-
300 ## - DESCRIPCIÓN FÍSICA
Extensión xxii, 128 p. :
Otras características físicas il. ;
Dimensiones 27 cm
336 ## - TIPO DE CONTENIDO
Fuente rdacontenido
Término de tipo de contenido Texto
Código de tipo de contenido txt
337 ## - TIPO DE MEDIO
Fuente rdamedio
Nombre/término del tipo de medio sin mediación
Código del tipo de medio n
338 ## - TIPO DE SOPORTE
Fuente rdasoporte
Nombre/término del tipo de soporte volumen
Código del tipo de soporte nc
502 ## - NOTA DE TESIS
Nota de tesis Tesis Postgrado
Tipo de título MAESTRA EN ENERGÍA Y AMBIENTE
Nombre de la institución que otorga el título USAC, Facultad de Ingeniería, <br/>Escuela de
Año de obtención del título 2016
Identificador de la tesis TPI-0016-00T0100
504 ## - NOTA DE BIBLIOGRAFÍA, ETC.
Nota de bibliografía, etc. Nota Bibliogrfafía p107
505 ## - NOTA DE CONTENIDO CON FORMATO
Título 1. ANTECEDENTES
505 ## - NOTA DE CONTENIDO CON FORMATO
Título 2. MARCO TEÓRICO
505 ## - NOTA DE CONTENIDO CON FORMATO
Título 3. MARCO METODOLÓGICO
505 ## - NOTA DE CONTENIDO CON FORMATO
Título 4. PRESENTACIÓN DE RESULTADOS
520 #3 - RESUMEN, ETC.
Sumario, etc. Se realizó la identificación de los componentes de la fotocelda de alumbrado público para 5 marcas diferentes correspondientes a las muestras proporcionadas por las municipalidades y empresa privada. Así como la clasificación de las sustancias que pueden presentar los componentes por su fabricación de acuerdo a la condición de toxicidad. Se trabajó con dos tipo de fotoceldas de acuerdo al tipo de funcionamiento
650 ## - PUNTO DE ACCESO ADICIONAL DE MATERIA--TÉRMINO DE MATERIA
Término de materia o nombre geográfico como elemento de entrada ADMINISTRACIÓN DE DESPERDICIOS SÓLIDOS
650 ## - PUNTO DE ACCESO ADICIONAL DE MATERIA--TÉRMINO DE MATERIA
Término de materia o nombre geográfico como elemento de entrada BIENES PÚBLICOS
700 ## - ENTRADA AGREGADA--NOMBRE PERSONAL
Nombre de persona Ph.D. Casta Petrona Zeceña Zeceña
Término indicativo de función/relación asesor
942 ## - ELEMENTOS DE ENTRADA SECUNDARIOS (KOHA)
Fuente de la clasificación o esquema de estantería Clasificación Decimal Dewey
Tipo de ítem Koha TESISPOSTGRADO
945 ## - PROCESAMIENTO DE INFORMACIÓN LOCAL (OCLC)
a amlo
Existencias
Estatus retirado Estado de pérdida Fuente de la clasificación o esquema de estantería Estado de daño No para préstamo Biblioteca de origen Biblioteca actual Fecha de adquisición Número de inventario Total de préstamos Signatura topográfica completa Código de barras Visto por última vez Precio de reemplazo Tipo de ítem Koha Nota pública
    Clasificación Decimal Dewey     CENTRO DE INFORMACIÓN A LA CONSTRUCCIÓN-CICON CENTRO DE INFORMACIÓN A LA CONSTRUCCIÓN-CICON 05/11/2025 P20160100   TPI-16-0100 20160100 05/11/2025 05/11/2025 TESISPOSTGRADO disponible